[Event "CZE-chT2A 1213"]
[Site "Czech Republic"]
[Date "2012.12.02"]
[Round "4.6"]
[White "Vosahlik, Jiri"]
[Black "Dvorak, Jaroslav"]
[Result "1/2-1/2"]
[WhiteElo "1736"]
[BlackElo "2040"]
[PlyCount "72"]
[EventDate "2012.10.14"]
[EventType "team-tourn"]
[EventRounds "11"]
[EventCountry "CZE"]
[SourceTitle "EXT 2015"]
[Source "ChessBase"]
[SourceDate "2014.11.20"]
[SourceVersion "1"]
[SourceVersionDate "2014.11.20"]
[SourceQuality "1"]
[WhiteTeam "Plzen Letna"]
[BlackTeam "Litvinov Lom"]
[WhiteTeamCountry "CZE"]
[BlackTeamCountry "CZE"]

1. e4 e5 2. Nc3 Bb4 3. Bc4 Nc6 4. a3 Be7 5. d3 d6 6. Nge2 Nf6 7. 0-0 0-0 8. f4 exf4 9. Bxf4 Ne5 10. Bb3 Ng6 11. Bd2 Be6 12. Bxe6 fxe6 13. Nf4 Nxf4 14. Bxf4 e5 15. Bd2 c6 16. Kh1 Qd7 17. Qe2 Rae8 18. Rf5 g6 19. Rf3 Nh5 20. Raf1 Rxf3 21. Rxf3 Rf8 22. Rxf8+ Bxf8 23. Qf3 Ng7 24. Nd1 Ne6 25. Qg4 Qf7 26. Qf3 Qxf3 27. gxf3 Nd4 28. Be3 Nxf3 29. Bxa7 Ne1 30. Ne3 b5 31. d4 Bg7 32. c3 Nd3 33. Nd1 exd4 34. Bxd4 Bxd4 35. cxd4 Kf7 36. b4 Ne1 1/2-1/2

[Event "CFriend AP-2004-Q-00005 email"]
[Site "Chessfriend.com"]
[Date "2004.02.11"]
[Round "?"]
[White "Spanton, Timothy"]
[Black "Vosahlik, Jiri"]
[Result "0-1"]
[WhiteElo "2020"]
[BlackElo "2456"]
[PlyCount "114"]
[EventDate "2004.??.??"]
[EventType "tourn (corr)"]
[EventRounds "12"]
[SourceTitle "Corr 2008"]
[Source "ChessBase"]
[SourceDate "2008.06.24"]
[SourceVersion "1"]
[SourceVersionDate "2008.06.24"]
[SourceQuality "1"]

1. e4 c5 2. c4 Nc6 3. Ne2 Nf6 4. Nbc3 e6 5. d4 d5 6. cxd5 exd5 7. Bg5 dxe4 8. dxc5 Be6 9. Nf4 Bxc5 10. Nxe6 fxe6 11. Bxf6 Qxd1+ 12. Rxd1 gxf6 13. Nxe4 Bb4+ 14. Ke2 Ke7 15. g3 e5 16. Bh3 Nd4+ 17. Ke3 Rad8 18. Rc1 Ba5 19. Nc5 Bb6 20. Rc4 Rd6 21. Ke4 Bxc5 22. Rxc5 Ne6 23. Bxe6 Kxe6 24. Rhc1 Rhd8 25. Kf3 Rd2 26. R1c2 h5 27. Rc7 R8d3+ 28. Kg2 b5 29. Rxd2 Rxd2 30. Rxa7 e4 31. Kg1 Rxb2 32. Ra6+ Ke5 33. a3 f5 34. Ra8 Rb3 35. Kg2 h4 36. gxh4 Kf4 37. h5 Kg5 38. Rg8+ Kxh5 39. Rg3 Rb2 40. Re3 Rd2 41. Kg3 Kg5 42. h4+ Kf6 43. Kg2 Ra2 44. Kg3 Ke5 45. f4+ Kd4 46. Rb3 Ra1 47. Kf2 Rh1 48. Rxb5 e3+ 49. Ke2 Rh2+ 50. Kf3 Rf2+ 51. Kg3 Rf1 52. Rxf5 e2 53. Re5 e1Q+ 54. Rxe1 Rxe1 55. Kg4 Kd5 56. Kg5 Ke6 57. h5 Rg1+ 0-1